{"text_format":"3","workbook":"xlsx","n_sheets":2,"sheets":["list","data"],"not_rendered":{"defined_names":8},"read":"whole","date_system":"1900"}

{"sheet":"list","index":0,"n_rows":119,"n_cols":20,"rows_kept":119}
["№","Код участника","Название ОУ","СНИЛС","Фамилия","Имя","Отчество","Пол","Дата рождения","Участник с ОВЗ","Класс","Класс участия","Первичный балл","Добавлено по итогам апелляций","Итоговый балл","Макс. Балл","Статус","Призер регионального / республиканского этапа прошлого года","Учитель","Место работы учителя"]
[1,2,3,4,5,6,7,8,9,10,11,12,13,14,15,16,17,18,19,20]
[1,"451024_15689136714_35","Муниципальное бюджетное общеобразовательное учреждение \"Сабинская средняя общеобразовательная школа Сабинского муниципального района Республики Татарстан\"","156-891-368 15","Гарипов","Фаиль","Ирекович","м ","04.08.2009","нет",8,8,"96,94",null,"96,94",100,"победитель",null,"Вафин Ленар Ренатович","Муниципальное бюджетное общеобразовательное учреждение \"Сабинская средняя общеобразовательная школа Сабинского муниципального района Республики Татарстан\""]
[2,"451024_15720628863_35","Муниципальное бюджетное общеобразовательное учреждение \"Сабинская средняя общеобразовательная школа Сабинского муниципального района Республики Татарстан\"","157-206-288 63","Галявин ","Раяз","Фаргатович","м ","23.12.2008","нет",8,8,"90,89",null,"90,89",100,"призер",null,"Вафин Ленар Ренатович","Муниципальное бюджетное общеобразовательное учреждение \"Сабинская средняя общеобразовательная школа Сабинского муниципального района Республики Татарстан\""]
[3,"451024_15565418988_35","Муниципальное бюджетное общеобразовательное учреждение \"Сабинская средняя общеобразовательная школа Сабинского муниципального района Республики Татарстан\"","155-654-189 88","Нигъматзянов","Камиль","Фаилевич","м ","05.08.2009","нет",8,8,"90,17",null,"90,17",100,"призер","да","Вафин Ленар Ренатович","Муниципальное бюджетное общеобразовательное учреждение \"Сабинская средняя общеобразовательная школа Сабинского муниципального района Республики Татарстан\""]
[4,"451024_16272091556_35","Муниципальное бюджетное общеобразовательное учреждение \"Сабинская средняя общеобразовательная школа Сабинского муниципального района Республики Татарстан\"","162-720-915 56","Хузин ","Инсаф","Ильшатович","м ","28.10.2010","нет",6,8,"88,73",null,"88,73",100,"призер",null,"Вафин Ленар Ренатович","Муниципальное бюджетное общеобразовательное учреждение \"Сабинская средняя общеобразовательная школа Сабинского муниципального района Республики Татарстан\""]
[5,"454017_15561860680_35","Муниципальное бюджетное общеобразовательное учреждение \"Изминская средняя общеобразовательная школа Сабинского муниципального района Республики Татарстан\"","155-618-606 80","Кириллов ","Аяз","Альфредович","м ","2009-07-09","нет",8,8,"86,22",null,"86,22",100,"призер","да","Галиев Азат Гильмуллович\t","Муниципальное бюджетное общеобразовательное учреждение \"Изминская средняя общеобразовательная школа Сабинского муниципального района Республики Татарстан\"\n"]
[6,"454017_16176598199_35","Муниципальное бюджетное общеобразовательное учреждение \"Изминская средняя общеобразовательная школа Сабинского муниципального района Республики Татарстан\"","161-765-981 99","Хабирзянов ","Камиль","Рамилевич","м ","2009-02-20","нет",8,8,"84,82",null,"84,82",100,"участник",null,"Галиев Азат Гильмуллович\t","Муниципальное бюджетное общеобразовательное учреждение \"Изминская средняя общеобразовательная школа Сабинского муниципального района Республики Татарстан\"\n"]
[7,"451002_15813065659_35","Муниципальное бюджетное общеобразовательное учреждение «Средняя общеобразовательная школа-интернат с углубленным изучением отдельных предметов для одаренных детей»  Сабинского муниципального района Республики Татарстан","158-130-656 59","Загидуллин","Раяз","Флюзович","м ","08.03.2010","нет",7,7,"82,91",null,"82,91",100,"участник",null,"Шакиров Ильхам Расимович","Муниципальное бюджетное общеобразовательное учреждение «Средняя общеобразовательная школа-интернат с углубленным изучением отдельных предметов для одаренных детей»  Сабинского муниципального района Республики Татарстан"]
[8,"451001_16288066997_35","Муниципальное бюджетное общеобразовательное учреждение \"Гимназия пгт Богатые Сабы  Сабинского муниципального района Республики Татарстан\"","162-880-669 97","Вилданов ","Камиль","Ильшатович","м ","01.11.2011","нет",7,7,"79,95",null,"79,95",100,"участник",null,"Ахтямов Алмаз Назимович","Муниципальное бюджетное общеобразовательное учреждение \"Гимназия п.г.т. Богатые Сабы Сабинского муниципального района Республики Татарстан\""]
[9,"454019_15731752976_35","Муниципальное бюджетное общеобразовательное учреждение «Верхнесиметская средняя общеобразовательная школа Сабинского муниципального района Республики Татарстан\"","157-317-529 76","Хасанов ","Ислам","Инсафович","м ","2010-01-15","нет",7,7,"78,61",null,"78,61",100,"участник",null,"Саубанов Айгиз Рафисович","Муниципальное бюджетное общеобразовательное учреждение «Верхнесиметская средняя общеобразовательная школа Сабинского муниципального района Республики Татарстан\""]
[10,"451001_15756180893_35","Муниципальное бюджетное общеобразовательное учреждение \"Гимназия пгт Богатые Сабы  Сабинского муниципального района Республики Татарстан\"","157-561-808 93","Латыпов","Альмир","Радикович","м ","09.02.2009","нет",8,8,"78,55",null,"78,55",100,"участник",null,"Фатыйхова Чулпан Ильгинаровна","Муниципальное бюджетное общеобразовательное учреждение \"Гимназия пгт Богатые Сабы  Сабинского муниципального района Республики Татарстан\""]
[11,"454017_16736116880_35","Муниципальное бюджетное общеобразовательное учреждение \"Изминская средняя общеобразовательная школа Сабинского муниципального района Республики Татарстан\"","167-361-168 80","Рамазанов ","Ислам","Инсафович","м ","2011-07-08","нет",6,7,"78,28",null,"78,28",100,"участник",null,"Галиев Азат Гильмуллович\t","Муниципальное бюджетное общеобразовательное учреждение \"Изминская средняя общеобразовательная школа Сабинского муниципального района Республики Татарстан\""]
[12,"451002_15580067467_35","Муниципальное бюджетное общеобразовательное учреждение «Средняя общеобразовательная школа-интернат с углубленным изучением отдельных предметов для одаренных детей»  Сабинского муниципального района Республики Татарстан","155-800-674 67","Ибрагимов","Мурат","Радикович","м ","20.08.2009","нет",8,8,"76,57",null,"76,57",100,"участник",null,"Шакиров Ильхам Расимович","Муниципальное бюджетное общеобразовательное учреждение «Средняя общеобразовательная школа-интернат с углубленным изучением отдельных предметов для одаренных детей»  Сабинского муниципального района Республики Татарстан"]
[13,"451001_15439619892_35","Муниципальное бюджетное общеобразовательное учреждение \"Гимназия п.г.т. Богатые Сабы Сабинского муниципального района Республики Татарстан\"","154-396-198 92","Идрисов","Ильназ","Альбертович","м ","17.04.2009","нет",8,8,"74,43",null,"74,43",100,"участник",null,"Гайнуллин Ильнар Шамилович","Муниципальное бюджетное общеобразовательное учреждение \"Гимназия п.г.т. Богатые Сабы Сабинского муниципального района Республики Татарстан\""]
[14,"454009_15728774914_35","муниципальное бюджетное общеобразовательное учреждение \"Сатышевская средняя общеобразовательная школа Сабинского муниципального района Республики Татарстан им. Ш.З.Зиннурова\"","157-287-749 14","Хасаншин","Замир","Джаудатович","м ","23.01.2010","нет",7,7,"73,73",null,"73,73",100,"участник",null,"Билалов Артур Альбертович","муниципальное бюджетное общеобразовательное учреждение \"Сатышевская средняя общеобразовательная школа Сабинского муниципального района Республики Татарстан им. Ш.З.Зиннурова\""]
[15,"454004_16505493570_35","Муниципальное бюджетное общеобразовательное учреждение «Евлаштауская средняя общеобразовательная школа Сабинского муниципального района Республики Татарстан\"","165-054-935 70","Шамилов","Альмир","Рустемович","м ","13.04.2011","нет",6,7,"70,85",null,"70,85",100,"участник",null,"Гильмутдинов Айдар Надирович","Муниципальное бюджетное общеобразовательное учреждение «Евлаштауская средняя общеобразовательная школа Сабинского муниципального района Республики Татарстан\""]
[16,"451001_16056638974_35","Муниципальное бюджетное общеобразовательное учреждение \"Гимназия пгт Богатые Сабы  Сабинского муниципального района Республики Татарстан\"","160-566-389 74","Халилов ","Динир","Ренатович","м ","11.06.2010","нет",7,7,"70,80",null,"70,80",100,"участник",null,"Ахтямов Алмаз Назимович","Муниципальное бюджетное общеобразовательное учреждение \"Гимназия п.г.т. Богатые Сабы Сабинского муниципального района Республики Татарстан\""]
[17,"454006_15809322778_35","Муниципальное бюджетное общеобразовательное учреждение \"Юлбатская основная общеобразовательная школа Сабинского муниципального района Республики Татарстан\"","158-093-227 78","Сайфуллин ","Миндияр","Маратович","м ","2009-01-21","нет",8,8,"70,34",null,"70,34",100,"участник",null,"Фатхриев Ильшат Ильнурович","Муниципальное бюджетное общеобразовательное учреждение \"Юлбатская основная общеобразовательная школа Сабинского муниципального района Республики Татарстан\""]
[18,"454010_15479594926_35","муниципальное бюджетное общеобразовательное учреждение \"Мичанская основная общеобразовательная школа Сабинского муниципального района Республики Татарстан\"","154-795-949 26","Ашаров","Рузаль","Радикович","м ","26.05.2009","нет",8,8,"69,52",null,"69,52",100,"участник",null,"Ибрагимов Рамиль Зуфарович","муниципальное бюджетное общеобразовательное учреждение \"Мичанская основная общеобразовательная школа Сабинского муниципального района Республики Татарстан\""]
[19,"451001_15641140843_35","Муниципальное бюджетное общеобразовательное учреждение \"Гимназия п.г.т. Богатые Сабы Сабинского муниципального района Республики Татарстан\"","156-411-408 43","Биктимиров","Алим","Рамилевич","м ","27.10.2009","нет",7,7,"69,19",null,"69,19",100,"участник",null,"Гайнуллин Ильнар Шамилович","Муниципальное бюджетное общеобразовательное учреждение \"Гимназия п.г.т. Богатые Сабы Сабинского муниципального района Республики Татарстан\""]
[20,"454008_16278072986_35","Муниципальное бюджетное общеобразовательное учреждение \"Тимершикская средняя общеобразовательная школа Сабинского муниципального района Республики Татарстан\"","162-780-729 86","Биктимиров","Ильназ","Альбертович","м ","15.10.2010","нет",6,7,"68,33",null,"68,33",100,"участник",null,"Биктимиров Альберт Гильмуллович","Муниципальное бюджетное общеобразовательное учреждение \"Тимершикская средняя общеобразовательная школа Сабинского муниципального района Республики Татарстан\""]
[21,"454008_16278072885_35","Муниципальное бюджетное общеобразовательное учреждение \"Тимершикская средняя общеобразовательная школа Сабинского муниципального района Республики Татарстан\"","162-780-728 85","Биктимиров","Ильзат","Альбертович","м ","15.10.2010","нет",6,7,"67,39",null,"67,39",100,"участник",null,"Биктимиров Альберт Гильмуллович","Муниципальное бюджетное общеобразовательное учреждение \"Тимершикская средняя общеобразовательная школа Сабинского муниципального района Республики Татарстан\""]
[22,"454010_15690914697_35","муниципальное бюджетное общеобразовательное учреждение \"Мичанская основная общеобразовательная школа Сабинского муниципального района Республики Татарстан\"","154-795-949 26","Халиков","Булат","Раушанович","м ","06.12.2009","нет",7,7,"66,98",null,"66,98",100,"участник",null,"Ибрагимов Рамиль Зуфарович","муниципальное бюджетное общеобразовательное учреждение \"Мичанская основная общеобразовательная школа Сабинского муниципального района Республики Татарстан\""]
[23,"452003_15508303445_35","Муниципальное бюджетное общеобразовательное учреждение \"Шеморданский лицей \"Рост\" Сабинского муниципального района Республики Татарстан\"",15508303445,"Асхадуллин","Раниф","Алмазович","м ","20.06.2009","нет",8,8,"64,94",null,"64,94",100,"участник",null,"Шелкова Наталья Алексеевна","Муниципальное бюджетное общеобразовательное учреждение \"Шеморданский лицей \"Рост\" Сабинского муниципального района Республики Татарстан\""]
[24,"454020_16181844573_35","Муниципальное бюджетное общеобразовательное учреждение \"Большекибячинска средняя общеобразовательная школа Сабинского муниципального райоа Республики Татарстан\"","161-818-445 73","Нигматзянов","Сулейман","Рифатович","м ","24.08.2010","нет",7,7,"63,40",null,"63,40",100,"участник",null,"Яруллин Ильназ Хабибрахманович","Муниципальное бюджетное общеобразовательное учреждение \"Большекибячинска средняя общеобразовательная школа Сабинского муниципального райоа Республики Татарстан\""]
[25,"454011_15690915093_35","муниципальное бюджетное общеобразовательное учреждение \"Нижнешитцинская основная общеобразовательная школа Сабинского муниципального района Республики Татарстан\"","156-909-150 93","Галимуллин","Дилюс ","Маратович","м ","04.12.2009","нет",7,7,"61,55",null,"61,55",100,"участник",null,"Гумеров Рамзиль Газинурович","муниципальное бюджетное общеобразовательное учреждение \"Нижнешитцинская основная общеобразовательная школа Сабинского муниципального района Республики Татарстан\""]
[26,"451001_15685975938_35","Муниципальное бюджетное общеобразовательное учреждение \"Гимназия пгт Богатые Сабы  Сабинского муниципального района Республики Татарстан\"","156-859-759 38","Абдуллин ","Сарим","Саубанович","м ","12.04.2009","нет",7,7,"60,73",null,"60,73",100,"участник",null,"Фатыйхова Чулпан Ильгинаровна","Муниципальное бюджетное общеобразовательное учреждение \"Гимназия пгт Богатые Сабы  Сабинского муниципального района Республики Татарстан\""]
[27,"454007_15804032643_35"," муниципальное бюджетное общеобразовательное учреждение \"Шикшинская основная общеобразовательная школа Сабинского муниципального района Республики Татарстан\"","158-040-326 43","Хусаенов","Ильдан","Ильнарович","м ","12.12.2009","нет",8,8,"60,60"," ","60,60",100,"участник",null,"Галимов Айтуган Азатович"," муниципальное бюджетное общеобразовательное учреждение \"Шикшинская основная общеобразовательная школа Сабинского муниципального района Республики Татарстан\""]
[28,"452012_16190804865_35","Муниципальное бюджетное общеобразовательное учреждение \"Лесхозская средняя общеобразовательная школа Сабинского муниципального района Республики Татарстан\"","161-908-048 65","Каримуллин","Альмир","Сагитович","м ","07.05.2009","нет",8,8,"57,34",null,"57,34",100,"участник",null,"Шигабутдинов Ильназ Ильсурович","муниципальное бюджетное общеобразовательное учреждение \"Лесхозская средняя общеобразовательная школа Сабинского муниципального района Республики Татарстан\""]
[29,"454007_16330378751_35"," муниципальное бюджетное общеобразовательное учреждение \"Шикшинская основная общеобразовательная школа Сабинского муниципального района Республики Татарстан\"","163-303-787 51","Гибадуллин","Камиль","Зульфатович","м ","12.11.2010","нет",7,7,"55,85"," ","55,85",100,"участник",null,"Галимов Айтуган Азатович"," муниципальное бюджетное общеобразовательное учреждение \"Шикшинская основная общеобразовательная школа Сабинского муниципального района Республики Татарстан\""]
[30,"454014_15696367623_35","муниципальное бюджетное общеобразовательное учреждение \"Кильдебякская средняя общеобразовательная школа Сабинского муниципального района Республики Татарстан\"","156-963-676 23","Гимадиев","Ислам","Фирдусович","м ","16.12.2009","нет",7,7,"52,66",null,"52,66",100,"участник",null,"Губайдуллин Рифат Миннахматович","муниципальное бюджетное общеобразовательное учреждение \"Кильдебякская средняя общеобразовательная школа Сабинского муниципального района Республики Татарстан\""]
[31,"454016_16717640183_35","государственное бюджетное общеобразовательное учреждение «Икшурминская кадетская школа-интернат имени Байкиева К.С.»","167-176-401 83","Иванов","Игнат","Викторович","м ","26.06.2011","нет",6,6,"51,43",null,"51,43",100,"участник",null,"Гарафиев Илдар Абрарович","государственное бюджетное общеобразовательное учреждение «Икшурминская кадетская школа-интернат имени Байкиева К.С.»"]
[32,"452003_15498442203_35","Муниципальное бюджетное общеобразовательное учреждение \"Шеморданский лицей \"Рост\" Сабинского муниципального района Республики Татарстан\"","154-984-422 03","Гимадиев","Азамат","Ильнарович","м ","18.06.2009","нет",8,8,"51,37",null,"51,37",100,"участник",null,"Шелкова Наталья Алексеевна","Муниципальное бюджетное общеобразовательное учреждение \"Шеморданский лицей \"Рост\" Сабинского муниципального района Республики Татарстан\""]
[33,"454015_15494650190_35","Муниципальное бюджетное общеобразовательное учреждение «Иштуганская средняя общеобразовательная школа Сабинского муниципального района Республики Татарстан\"","154-946-501 90","Устун","Замир","Владиславович","м ","15.06.2009","нет",8,8,"48,74",null,"48,74",100,"участник",null,"Ахметов Йосыф Айнурович","Муниципальное бюджетное общеобразовательное учреждение «Иштуганская средняя общеобразовательная школа Сабинского муниципального района Республики Татарстан\""]
[34,"451024_17353557988_35","Муниципальное бюджетное общеобразовательное учреждение \"Сабинская средняя общеобразовательная школа Сабинского муниципального района Республики Татарстан\"","173-535-579 88","Акберова","Зиля","Ильнуровна","ж","31.08.2012","нет",5,7,"95,94",null,"95,94",100,"победитель",null,"Вафин Ленар Ренатович","Муниципальное бюджетное общеобразовательное учреждение \"Сабинская средняя общеобразовательная школа Сабинского муниципального района Республики Татарстан\""]
[35,"451002_15603146033_35","Муниципальное бюджетное общеобразовательное учреждение «Средняя общеобразовательная школа-интернат с углубленным изучением отдельных предметов для одаренных детей»  Сабинского муниципального района Республики Татарстан","156-031-460 33","Галимзянова","Алия","Ниязовна","ж","14.09.2009","нет",8,8,"95,67",null,"95,67",100,"призер",null,"Шакиров Ильхам Расимович","Муниципальное бюджетное общеобразовательное учреждение «Средняя общеобразовательная школа-интернат с углубленным изучением отдельных предметов для одаренных детей»  Сабинского муниципального района Республики Татарстан"]
[36,"451024_17353557786_35","Муниципальное бюджетное общеобразовательное учреждение \"Сабинская средняя общеобразовательная школа Сабинского муниципального района Республики Татарстан\"","173-535-577 86","Акберова","Диля","Ильнуровна","ж","31.08.2012","нет",5,7,"89,47",null,"89,47",100,"призер",null,"Вафин Ленар Ренатович","Муниципальное бюджетное общеобразовательное учреждение \"Сабинская средняя общеобразовательная школа Сабинского муниципального района Республики Татарстан\""]
[37,"454017_15622547967_35","Муниципальное бюджетное общеобразовательное учреждение \"Изминская средняя общеобразовательная школа Сабинского муниципального района Республики Татарстан\"","156-225-479 67","Шайхетдинова","Марьям","Альмировна","ж","2009-10-13","нет",8,8,"89,15",null,"89,15",100,"призер",null,"Галиев Азат Гильмуллович","Муниципальное бюджетное общеобразовательное учреждение \"Изминская средняя общеобразовательная школа Сабинского муниципального района Республики Татарстан\""]
[38,"451024_15580895706_35","Муниципальное бюджетное общеобразовательное учреждение \"Сабинская средняя общеобразовательная школа Сабинского муниципального района Республики Татарстан\"","155-808-957 06","Хабирова","Лиана","Ленаровна","ж","16.08.2009","нет",8,8,"87,09",null,"87,09",100,"призер",null,"Вафин Ленар Ренатович","Муниципальное бюджетное общеобразовательное учреждение \"Сабинская средняя общеобразовательная школа Сабинского муниципального района Республики Татарстан\""]
[39,"454016_16225842459_35","государственное бюджетное общеобразовательное учреждение «Икшурминская кадетская школа-интернат имени Байкиева К.С.»","162-258-424 59","Загидуллина","Сюмбеля","Зульфатовна","ж","30.09.2010","нет",7,7,"84,31",null,"84,31",100,"участник","да","Гарафиев Илдар Абрарович","государственное бюджетное общеобразовательное учреждение «Икшурминская кадетская школа-интернат имени Байкиева К.С.»"]
[40,"454019_15813064859_35","Муниципальное бюджетное общеобразовательное учреждение «Верхнесиметская средняя общеобразовательная школа Сабинского муниципального района Республики Татарстан\"","158-130-648 59","Тахавиева ","Исламия","Ринатовна","ж","2010-02-18","нет",7,7,"84,04",null,"84,04",100,"участник","да","Саубанов Айгиз Рафисович","Муниципальное бюджетное общеобразовательное учреждение «Верхнесиметская средняя общеобразовательная школа Сабинского муниципального района Республики Татарстан\""]
[41,"451001_15978407527_35","Муниципальное бюджетное общеобразовательное учреждение \"Гимназия пгт Богатые Сабы  Сабинского муниципального района Республики Татарстан\"",15978407527,"Нургалиева","Адиля","Ирековна","ж","13.05.2010","нет",7,7,"83,83",null,"83,83",100,"участник",null,"Гайнуллин Ильнар Шамилович","Муниципальное бюджетное общеобразовательное учреждение \"Гимназия пгт Богатые Сабы  Сабинского муниципального района Республики Татарстан\""]
[42,"454017_16601551545_35","Муниципальное бюджетное общеобразовательное учреждение \"Изминская средняя общеобразовательная школа Сабинского муниципального района Республики Татарстан\"","160-420-126 03","Ахметова ","Марьям","Райнуровна","ж","2010-03-05","нет",7,8,"80,40",null,"80,40",100,"участник",null,"Галиев Азат Гильмуллович","Муниципальное бюджетное общеобразовательное учреждение \"Изминская средняя общеобразовательная школа Сабинского муниципального района Республики Татарстан\""]
[43,"451001_17997221031_35","Муниципальное бюджетное общеобразовательное учреждение \"Гимназия пгт Богатые Сабы  Сабинского муниципального района Республики Татарстан\"","179-972-210 31","Ахметова ","Рамиля","Рамилевна","ж","27.10.2009","нет",8,8,"79,18",null,"79,18",100,"участник",null,"Гайнуллин Ильнар Шамилович","Муниципальное бюджетное общеобразовательное учреждение \"Гимназия пгт Богатые Сабы  Сабинского муниципального района Республики Татарстан\""]
[44,"451001_15630385660_35","Муниципальное бюджетное общеобразовательное учреждение \"Гимназия пгт Богатые Сабы  Сабинского муниципального района Республики Татарстан\"","156-303-856 60","Валиуллина","Риана","Владиславовна","ж","19.10.2009","нет",8,8,"77,14",null,"77,14",100,"участник",null,"Фатыйхова Чулпан Ильгинаровна","Муниципальное бюджетное общеобразовательное учреждение \"Гимназия пгт Богатые Сабы  Сабинского муниципального района Республики Татарстан\""]
[45,"454016_15641140540_35","государственное бюджетное общеобразовательное учреждение «Икшурминская кадетская школа-интернат имени Байкиева К.С.»","156-411-405 40","Галимзянова","Алсина","Алмазовна","ж","28.10.2009","нет",8,8,"76,84",null,"76,84",100,"участник",null,"Гарафиев Илдар Абрарович","государственное бюджетное общеобразовательное учреждение «Икшурминская кадетская школа-интернат имени Байкиева К.С.»"]
[46,"454017_16570827792_35","Муниципальное бюджетное общеобразовательное учреждение \"Изминская средняя общеобразовательная школа Сабинского муниципального района Республики Татарстан\"","165-708-277 92","Сабирзянова ","Риана","Радиковна","ж","2011-04-28","нет",6,7,"75,14",null,"75,14",100,"участник",null,"Галиев Азат Гильмуллович","Муниципальное бюджетное общеобразовательное учреждение \"Изминская средняя общеобразовательная школа Сабинского муниципального района Республики Татарстан\""]
[47,"451024_17378981937_35","Муниципальное бюджетное общеобразовательное учреждение \"Сабинская средняя общеобразовательная школа Сабинского муниципального района Республики Татарстан\"","173-789-819 37","Хафизова","Амина","Айгизовна","ж","20.09.2012","нет",5,7,"74,21",null,"74,21",100,"участник",null,"Вафин Ленар Ренатович","Муниципальное бюджетное общеобразовательное учреждение \"Сабинская средняя общеобразовательная школа Сабинского муниципального района Республики Татарстан\""]
[48,"454010_15548067887_35","муниципальное бюджетное общеобразовательное учреждение \"Мичанская основная общеобразовательная школа Сабинского муниципального района Республики Татарстан\"","155-480-678 87","Тимербаева","Азалия","Рамилевна","ж","04.07.2009","нет",8,8,"73,78",null,"73,78",100,"участник",null,"Ибрагимов Рамиль Зуфарович","муниципальное бюджетное общеобразовательное учреждение \"Мичанская основная общеобразовательная школа Сабинского муниципального района Республики Татарстан\""]
[49,"454008_15936106883_35","Муниципальное бюджетное общеобразовательное учреждение \"Тимершикская средняя общеобразовательная школа Сабинского муниципального района Республики Татарстан\"","159-361-068 83","Хантимирова ","Алиса ","Айдаровна","ж","02.05.2010","нет",7,7,"72,16",null,"72,16",100,"участник",null,"Хайретдинова Наиля Ильдаровна","Муниципальное бюджетное общеобразовательное учреждение \"Тимершикская средняя общеобразовательная школа Сабинского муниципального района Республики Татарстан\""]
[50,"454008_16445818690_35","Муниципальное бюджетное общеобразовательное учреждение \"Тимершикская средняя общеобразовательная школа Сабинского муниципального района Республики Татарстан\"","164-458-186 90","Ганиева ","Гузель","Наиловна","ж","18.03.2011","нет","6а",7,"71,68",null,"71,68",100,"участник",null,"Биктимиров Альберт Гильмуллович","Муниципальное бюджетное общеобразовательное учреждение \"Тимершикская средняя общеобразовательная школа Сабинского муниципального района Республики Татарстан\""]
[51,"454020_16789346639_35","МБОУ \"Большекибячинска средняя общеобразовательная школа Сабинского муниципального райоа Республики Татарстан\"","168-893-466 39","Башарова","Алина","Гелюсовна","ж","18.08.2011","нет",6,7,"68,27",null,"68,27",100,"участник",null,"Яруллин Ильназ Хабибрахманович","МБОУ \"Большекибячинска средняя общеобразовательная школа Сабинского муниципального райоа Республики Татарстан\""]
[52,"452012_16278660195_35","муниципальное бюджетное общеобразовательное учреждение \"Лесхозская средняя общеобразовательная школа Сабинского муниципального района Республики Татарстан\"","162-786-601 95","Басырова","Расиля","Расуловна","ж","11.11.2010","нет",7,7,"67,00",null,"67,00",100,"участник",null,"Шигабутдинов Ильназ Ильсурович","муниципальное бюджетное общеобразовательное учреждение \"Лесхозская средняя общеобразовательная школа Сабинского муниципального района Республики Татарстан\""]
[53,"454020_15774841610_35","МБОУ \"Большекибячинска средняя общеобразовательная школа Сабинского муниципального райоа Республики Татарстан\"","157-748-416 10","Давлиева","Марьям","Ильназовна","ж","24.02.2010","нет",7,7,"66,89",null,"66,89",100,"участник",null,"Яруллин Ильназ Хабибрахманович","МБОУ \"Большекибячинска средняя общеобразовательная школа Сабинского муниципального райоа Республики Татарстан\""]
[54,"454014_15813065861_35","муниципальное бюджетное общеобразовательное учреждение \"Кильдебякская средняя общеобразовательная школа Сабинского муниципального района Республики Татарстан\"","158-130-658 61","Касимова","Гульфина","Ришатовна","ж","09.01.2009","нет",8,8,"63,93",null,"63,93",100,"участник",null,"Губайдуллин Рифат Миннахматович","муниципальное бюджетное общеобразовательное учреждение \"Кильдебякская средняя общеобразовательная школа Сабинского муниципального района Республики Татарстан\""]
[55,"454011_15835142875_35","муниципальное бюджетное общеобразовательное учреждение \"Нижнешитцинская основная общеобразовательная школа Сабинского муниципального района Республики Татарстан\"","158-351-428 75","Хабибрахманова","Марьям","Анасовна","ж","17.03.2010","нет",7,7,"63,71",null,"63,71",100,"участник",null,"Гумеров Рамзиль Газинурович","муниципальное бюджетное общеобразовательное учреждение \"Нижнешитцинская основная общеобразовательная школа Сабинского муниципального района Республики Татарстан\""]
[56,"454009_15954080287_35","муниципальное бюджетное общеобразовательное учреждение \"Сатышевская средняя общеобразовательная школа Сабинского муниципального района Республики Татарстан им. Ш.З.Зиннурова\"",15954080287,"Линиченко","Разина","Разяповна","ж","01.05.2010","нет",7,7,"63,51",null,"63,51",100,"участник",null,"Билалов Артур Альбертович","муниципальное бюджетное общеобразовательное учреждение \"Сатышевская средняя общеобразовательная школа Сабинского муниципального района Республики Татарстан им. Ш.З.Зиннурова\""]
[57,"454004_16391796709_35","Муниципальное бюджетное общеобразовательное учреждение «Евлаштауская средняя общеобразовательная школа Сабинского муниципального района Республики Татарстан\"","163-917- 967 09","Гайфутдинова","Замира","Райнуровна","ж","07.02.2011","нет",6,7,"59,47",null,"59,47",100,"участник",null,"Гильмутдинов Айдар Надирович","Муниципальное бюджетное общеобразовательное учреждение «Евлаштауская средняя общеобразовательная школа Сабинского муниципального района Республики Татарстан\""]
[58,"454007_17064061646_35"," муниципальное бюджетное общеобразовательное учреждение \"Шикшинская основная общеобразовательная школа Сабинского муниципального района Республики Татарстан\"","170-640-616 46","Мубаракова","Эльвина","Рузалевна","ж","28.07.2010","нет",7,7,"52,81",null,"52,81",100,"участник",null,"Галимов Айтуган Азатович"," муниципальное бюджетное общеобразовательное учреждение \"Шикшинская основная общеобразовательная школа Сабинского муниципального района Республики Татарстан\""]
[59,"452003_16649114486_35","Муниципальное бюджетное общеобразовательное учреждение \"Шеморданский лицей \"Рост\" Сабинского муниципального района Республики Татарстан\"",16649114486,"Кирсанова","Эльза","Аскаровна","ж","03.06.2009","нет",8,8,"50,11",null,"50,11",100,"участник",null,"Шелкова Наталья Алексеевна","Муниципальное бюджетное общеобразовательное учреждение \"Шеморданский лицей \"Рост\" Сабинского муниципального района Республики Татарстан\""]
[60,"451024_15689136714_35","Муниципальное бюджетное общеобразовательное учреждение \"Сабинская средняя общеобразовательная школа Сабинского муниципального района Республики Татарстан\"","156-891-367 14","Гарипов","Раниль","Ирекович","м","21.02.2008","нет",9,9,"92,98",null,"92,98",100,"победитель",null,"Вафин Ленар Ренатович","Муниципальное бюджетное общеобразовательное учреждение \"Сабинская средняя общеобразовательная школа Сабинского муниципального района Республики Татарстан\""]
[61,"451024_14742202237_35","Муниципальное бюджетное общеобразовательное учреждение \"Сабинская средняя общеобразовательная школа Сабинского муниципального района Республики Татарстан\"","147-422-022 37","Султанов","Айназ","Рустемович","м","27.12.2006","нет",10,10,"91,77",null,"91,77",100,"призер",null,"Вафин Ленар Ренатович","Муниципальное бюджетное общеобразовательное учреждение \"Сабинская средняя общеобразовательная школа Сабинского муниципального района Республики Татарстан\""]
[62,"451024_15796821020_35","Муниципальное бюджетное общеобразовательное учреждение \"Сабинская средняя общеобразовательная школа Сабинского муниципального района Республики Татарстан\"","157-968-210 20","Хузин","Ильзат","Ильшатович","м","14.05.2007","нет",10,10,"90,86",null,"90,86",100,"призер","да","Вафин Ленар Ренатович","Муниципальное бюджетное общеобразовательное учреждение \"Сабинская средняя общеобразовательная школа Сабинского муниципального района Республики Татарстан\""]
[63,"451024_15826670394_35","Муниципальное бюджетное общеобразовательное учреждение \"Сабинская средняя общеобразовательная школа Сабинского муниципального района Республики Татарстан\"","158-266-703 94","Насибуллин","Расиль","Ильнурович","м","06.07.2007","нет",10,10,"87,31",null,"87,31",100,"призер",null,"Вафин Ленар Ренатович","Муниципальное бюджетное общеобразовательное учреждение \"Сабинская средняя общеобразовательная школа Сабинского муниципального района Республики Татарстан\""]
[64,"454019_15733720165_35","Муниципальное бюджетное общеобразовательное учреждение «Верхнесиметская средняя общеобразовательная школа Сабинского муниципального района Республики Татарстан\"","157-337-201 65","Загриев","Султан ","Фидарисович","м","2008-09-30","нет",9,9,"86,25",null,"86,25",100,"призер",null,"Саубанов Айгиз Рафисович","Муниципальное бюджетное общеобразовательное учреждение «Верхнесиметская средняя общеобразовательная школа Сабинского муниципального района Республики Татарстан\""]
[65,"454019_15915655091_35","Муниципальное бюджетное общеобразовательное учреждение «Верхнесиметская средняя общеобразовательная школа Сабинского муниципального района Республики Татарстан\"","159-156-550 91","Ахмадуллин ","Булат","Ильгизарович","м","2008-05-06","нет",9,9,"85,12",null,"85,12",100,"участник",null,"Саубанов Айгиз Рафисович","Муниципальное бюджетное общеобразовательное учреждение «Верхнесиметская средняя общеобразовательная школа Сабинского муниципального района Республики Татарстан\""]
[66,"451001_15836094895_35","Муниципальное бюджетное общеобразовательное учреждение \"Гимназия пгт Богатые Сабы  Сабинского муниципального района Республики Татарстан\"","158-360-948 95","Загидуллин ","Рустем","Робертович","м","10.01.2008","нет",9,9,"81,45",null,"81,45",100,"участник",null,"Ахтямов Алмаз Назимович","Муниципальное бюджетное общеобразовательное учреждение \"Гимназия п.г.т. Богатые Сабы Сабинского муниципального района Республики Татарстан\""]
[67,"454016_15433973375_35","государственное бюджетное общеобразовательное учреждение «Икшурминская кадетская школа-интернат имени Байкиева К.С.»","154-339-733 75","Мухаметзянов","Камиль","Ралефович","м","31.05.2007","нет",10,10,"80,75",null,"80,75",100,"участник",null,"Гарафиев Илдар Абрарович","государственное бюджетное общеобразовательное учреждение «Икшурминская кадетская школа-интернат имени Байкиева К.С.»"]
[68,"454019_15432634247_35","Муниципальное бюджетное общеобразовательное учреждение «Верхнесиметская средняя общеобразовательная школа Сабинского муниципального района Республики Татарстан\"","154-326-342 47","Шакиров ","Рузаль","Радисович","м","2007-05-15","нет",10,10,"80,49",null,"80,49",100,"участник",null,"Саубанов Айгиз Рафисович","Муниципальное бюджетное общеобразовательное учреждение «Верхнесиметская средняя общеобразовательная школа Сабинского муниципального района Республики Татарстан\""]
[69,"454020_15693513694_35","Муниципальное бюджетное общеобразовательное учреждение \"Большекибячинска средняя общеобразовательная школа Сабинского муниципального райоа Республики Татарстан\"","156-935-136 94","Башаров","Данияр","Айдарович","М","26.06.2008","нет",9,9,"78,32",null,"78,32",100,"участник",null,"Мубаракзянов Раиль Рашитович","Муниципальное бюджетное общеобразовательное учреждение \"Большекибячинска средняя общеобразовательная школа Сабинского муниципального райоа Республики Татарстан\""]
[70,"454020_15768515308_35","Муниципальное бюджетное общеобразовательное учреждение \"Большекибячинска средняя общеобразовательная школа Сабинского муниципального райоа Республики Татарстан\"","157-685-153 08","Башаров","Альмир","Гелюсович","М","01.06.2007","нет",10,10,"77,52",null,"77,52",100,"участник",null,"Яруллин Ильназ Хабибрахманович","Муниципальное бюджетное общеобразовательное учреждение \"Большекибячинска средняя общеобразовательная школа Сабинского муниципального райоа Республики Татарстан\""]
[71,"454016_14501773540_35","государственное бюджетное общеобразовательное учреждение «Икшурминская кадетская школа-интернат имени Байкиева К.С.»","145-017-735 40","Латыпов","Тимур","Радикович","м","03.01.2007","нет",10,10,"77,03",null,"77,03",100,"участник",null,"Гарафиев Илдар Абрарович","государственное бюджетное общеобразовательное учреждение «Икшурминская кадетская школа-интернат имени Байкиева К.С.»"]
[72,"451001_15651789701_35","Муниципальное бюджетное общеобразовательное учреждение \"Гимназия пгт Богатые Сабы  Сабинского муниципального района Республики Татарстан\"","156-517-897 01","Галимуллин","Ильсаф","Ильнарович","М","2007-08-20","нет",10,10,"73,77",null,"73,77",100,"участник",null,"Каримов Искандер Илдусович","Муниципальное бюджетное общеобразовательное учреждение \"Гимназия пгт Богатые Сабы  Сабинского муниципального района Республики Татарстан\""]
[73,"454008_15710620134_35","Муниципальное бюджетное общеобразовательное учреждение \"Тимершикская средняя общеобразовательная школа Сабинского муниципального района Республики Татарстан\"","157-106-201 34","Биктимиров","Азат ","Альбертович","м","11.08.2008","нет","9а",9,"71,61",null,"71,61",100,"участник",null,"Биктимиров Альберт Гильмуллович","Муниципальное бюджетное общеобразовательное учреждение \"Тимершикская средняя общеобразовательная школа Сабинского муниципального района Республики Татарстан\""]
[74,"454014_15813065760_35","муниципальное бюджетное общеобразовательное учреждение \"Кильдебякская средняя общеобразовательная школа Сабинского муниципального района Республики Татарстан\"","158-130-657 60","Касимов","Сайдаш","Ришатович","М","21.11.2006","нет",10,10,"71,48",null,"71,48",100,"участник",null,"Губайдуллин Рифат Миннахматович","муниципальное бюджетное общеобразовательное учреждение \"Кильдебякская средняя общеобразовательная школа Сабинского муниципального района Республики Татарстан\""]
[75,"454008_15708170567_35","Муниципальное бюджетное общеобразовательное учреждение \"Тимершикская средняя общеобразовательная школа Сабинского муниципального района Республики Татарстан\"","157-081-705 67","Хазиев","Камиль","Айратович","м","11.07.2008","нет","9б",9,"70,30",null,"70,30",100,"участник",null,"Шакиров Рафил Шамилович ","Муниципальное бюджетное общеобразовательное учреждение \"Тимершикская средняя общеобразовательная школа Сабинского муниципального района Республики Татарстан\""]
[76,"454014_15826675808_35","муниципальное бюджетное общеобразовательное учреждение \"Кильдебякская средняя общеобразовательная школа Сабинского муниципального района Республики Татарстан\"","158-266-758 08","Мифтахов","Нур","Ильнурович","М","24.10.2007","нет",9,9,"66,64",null,"66,64",100,"участник",null,"Губайдуллин Рифат Миннахматович","муниципальное бюджетное общеобразовательное учреждение \"Кильдебякская средняя общеобразовательная школа Сабинского муниципального района Республики Татарстан\""]
[77,"454010_15813064455_35","муниципальное бюджетное общеобразовательное учреждение \"Мичанская основная общеобразовательная школа Сабинского муниципального района Республики Татарстан\"","158-130-644 55","Габдулхаков","Биктимер","Булатович","М","14.08.2008","нет",9,9,"66,97",null,"66,97",100,"участник",null,"Ибрагимов Рамиль Зуфарович","муниципальное бюджетное общеобразовательное учреждение \"Мичанская основная общеобразовательная школа Сабинского муниципального района Республики Татарстан\""]
[78,"454008_15707652883_35","Муниципальное бюджетное общеобразовательное учреждение \"Тимершикская средняя общеобразовательная школа Сабинского муниципального района Республики Татарстан\"","157-076-528 83","Ахмадиев","Ислам","Маратович","м","07.09.2008","нет",9,9,"64,12",null,"64,12",100,"участник",null,"Биктимиров Альберт Гильмуллович","Муниципальное бюджетное общеобразовательное учреждение \"Тимершикская средняя общеобразовательная школа Сабинского муниципального района Республики Татарстан\""]
[79,"454016_14478211467_35","государственное бюджетное общеобразовательное учреждение «Икшурминская кадетская школа-интернат имени Байкиева К.С.»","144-782-114 67","Николаев","Александр","Михайлович","м","04.03.2007","нет",10,10,"63,17",null,"63,17",100,"участник",null,"Гарафиев Илдар Абрарович","государственное бюджетное общеобразовательное учреждение «Икшурминская кадетская школа-интернат имени Байкиева К.С.»"]
[80,"452003_16056573871_35","Муниципальное бюджетное общеобразовательное учреждение \"Шеморданский лицей \"Рост\" Сабинского муниципального района Республики Татарстан\"","160-565-738 71","Шугаепов","Ильназ","Айдарович","м","03.04.2008","нет",9,9,"61,90",null,"61,90",100,"участник",null,"Газизов Дамир Ильнурович","Муниципальное бюджетное общеобразовательное учреждение \"Шеморданский лицей \"Рост\" Сабинского муниципального района Республики Татарстан\""]
[81,"452003_16072955372_35","Муниципальное бюджетное общеобразовательное учреждение \"Шеморданский лицей \"Рост\" Сабинского муниципального района Республики Татарстан\"",16072955372,"Габдрахманов","Амир","Айнурович","м","12.02.2007","нет",10,10,"61,20",null,"61,20",100,"участник",null,"Мухаметов Ильфат Рустамович","Муниципальное бюджетное общеобразовательное учреждение \"Шеморданский лицей \"Рост\" Сабинского муниципального района Республики Татарстан\""]
[82,"454009_15798391738_35","муниципальное бюджетное общеобразовательное учреждение \"Сатышевская средняя общеобразовательная школа Сабинского муниципального района Республики Татарстан им. Ш.З.Зиннурова\"",15798391738,"Латыпов","Халиль","Камилевич","м","09.04.2007","нет",10,10,"61,10",null,"61,10",100,"участник",null,"Билалов Артур Альбертович","муниципальное бюджетное общеобразовательное учреждение \"Сатышевская средняя общеобразовательная школа Сабинского муниципального района Республики Татарстан им. Ш.З.Зиннурова\""]
[83,"454010_15710268954_35","муниципальное бюджетное общеобразовательное учреждение \"Мичанская основная общеобразовательная школа Сабинского муниципального района Республики Татарстан\"","157-102-689 54","Багавиев","Марат","Ранурович","М","15.10.2008","нет",9,9,"60,48",null,"60,48",100,"участник",null,"Ибрагимов Рамиль Зуфарович","муниципальное бюджетное общеобразовательное учреждение \"Мичанская основная общеобразовательная школа Сабинского муниципального района Республики Татарстан\""]
[84,"454021_15805216355_35","Муниципальное бюджетное общеобразовательное учреждение \"Большешинарская средняя общеобразовательная школа имени А.А.Ахунзянова Сабинского муниципального района Республики Татарстан\"","158-052-163 55","Мингазов","Данияр","Данилевич","м","10.05.2007","нет",10,10,"58,30",null,"58,30",100,"участник",null,"Мухутдинов Фанзир Якубович","Муниципальное бюджетное общеобразовательное учреждение \"Большешинарская средняя общеобразовательная школа имени А.А.Ахунзянова Сабинского муниципального района Республики Татарстан\""]
[85,"454021_15708171266_35","Муниципальное бюджетное общеобразовательное учреждение \"Большешинарская средняя общеобразовательная школа имени А.А.Ахунзянова Сабинского муниципального района Республики Татарстан\"","157-081-712 66","Гилмутдинов","Айзат","Азатович","м","10.06.2008","нет",9,9,"52,53",null,"52,53",100,"участник",null,"Садыков Фаяз Фанавилевич","Муниципальное бюджетное общеобразовательное учреждение \"Большешинарская средняя общеобразовательная школа имени А.А.Ахунзянова Сабинского муниципального района Республики Татарстан\""]
[86,"454006_15465319878_35","Муниципальное бюджетное общеобразовательное учреждение \"Юлбатская основная общеобразовательная школа Сабинского муниципального района Республики Татарстан\"","154-653-198 78","Фатхриев ","Рушан","Рустамович","М","2008-11-15","нет",9,9,"49,04",null,"49,04",100,"участник",null,"Фатхриев Ильшат Ильнурович","Муниципальное бюджетное общеобразовательное учреждение \"Юлбатская основная общеобразовательная школа Сабинского муниципального района Республики Татарстан\""]
[87,"454023_16314221726_35","муниципальное бюджетное общеобразовательное учреждение \"Сабабашская основная общеобразовательная школа Сабинского муниципального района Республики Татарстан\"","163-142-217 26","Мозаффаров","Шерзоджон","Хаетжонович","м","2008-06-15","нет",9,9,"44,74",null,"44,74",100,"участник",null,"Хасбиев Данис Динарович","муниципальное бюджетное общеобразовательное учреждение \"Сабабашская основная общеобразовательная школа Сабинского муниципального района Республики Татарстан\""]
[88,"454007_15631987491_35","  муниципальное бюджетное общеобразовательное учреждение \"Шикшинская основная общеобразовательная школа Сабинского муниципального района Республики Татарстан\"","156-319-874 91","Хаертдинов","Самат","Рамилевич","м","02.09.2008","нет",9,9,"42,59",null,"42,59",100,"участник",null," Ханнанов Ильдар Фанисевич","  муниципальное бюджетное общеобразовательное учреждение \"Шикшинская основная общеобразовательная школа Сабинского муниципального района Республики Татарстан\""]
[89,"454015_14991328702_35","Муниципальное бюджетное общеобразовательное учреждение «Иштуганская средняя общеобразовательная школа Сабинского муниципального района Республики Татарстан\"","149-913-287 02","Николаев","Евгений","Геннадьевич","м","19.03.2008","нет",9,9,"41,89",null,"41,89",100,"участник",null,"Ахметов Йосыф Айнурович","Муниципальное бюджетное общеобразовательное учреждение «Иштуганская средняя общеобразовательная школа Сабинского муниципального района Республики Татарстан\""]
[90,"451024_15704817975_35","Муниципальное бюджетное общеобразовательное учреждение \"Сабинская средняя общеобразовательная школа Сабинского муниципального района Республики Татарстан\"","157-048-179 75","Латипова","Язиля","Рафаэлевна","ж","2008-06-24","нет",9,9,"95,63",null,"95,63",100,"победитель","да","Вафин Ленар Ренатович","Муниципальное бюджетное общеобразовательное учреждение \"Сабинская средняя общеобразовательная школа Сабинского муниципального района Республики Татарстан\""]
[91,"451024_15796053203_35","Муниципальное бюджетное общеобразовательное учреждение \"Сабинская средняя общеобразовательная школа Сабинского муниципального района Республики Татарстан\"","157-960-532 03","Мухаметшина","Лейля","Радиковна","ж","02.09.2007","нет",10,10,"91,18",null,"91,18",100,"призер","да","Вафин Ленар Ренатович","Муниципальное бюджетное общеобразовательное учреждение \"Сабинская средняя общеобразовательная школа Сабинского муниципального района Республики Татарстан\""]
[92,"451002_15589346718_35","Муниципальное бюджетное общеобразовательное учреждение «Средняя общеобразовательная школа-интернат с углубленным изучением отдельных предметов для одаренных детей»  Сабинского муниципального района Республики Татарстан","155-893-467 18","Закирова ","Регина","Рустамовна","ж","27.04.2006","нет",11,11,"86,03",null,"86,03",100,"призер","да","Шакиров Ильхам Расимович","Муниципальное бюджетное общеобразовательное учреждение «Средняя общеобразовательная школа-интернат с углубленным изучением отдельных предметов для одаренных детей»  Сабинского муниципального района Республики Татарстан"]
[93,"454017_17253551262_35","Муниципальное бюджетное общеобразовательное учреждение \"Изминская средняя общеобразовательная школа Сабинского муниципального района Республики Татарстан\"","172-535-512 62","Марданова ","Азалия","Айдаровна","ж","2007-09-10","нет",10,10,"85,34",null,"85,34",100,"призер",null,"Галиев Азат Гильмуллович","Муниципальное бюджетное общеобразовательное учреждение \"Изминская средняя общеобразовательная школа Сабинского муниципального района Республики Татарстан\""]
[94,"454017_16252486567_35","Муниципальное бюджетное общеобразовательное учреждение \"Изминская средняя общеобразовательная школа Сабинского муниципального района Республики Татарстан\"","162-524-865 67","Гильманова ","Зарина","Раушановна","ж","2008-05-31","нет",9,9,"83,44",null,"83,44",100,"призер",null,"Галиев Азат Гильмуллович","Муниципальное бюджетное общеобразовательное учреждение \"Изминская средняя общеобразовательная школа Сабинского муниципального района Республики Татарстан\""]
[95,"454017_15432631544_35","Муниципальное бюджетное общеобразовательное учреждение \"Изминская средняя общеобразовательная школа Сабинского муниципального района Республики Татарстан\"","154-326-315 44","Ахметова ","Галия","Ильнуровна","ж","2006-11-09","нет",11,11,"81,21",null,"81,21",100,"участник",null,"Галиев Азат Гильмуллович","Муниципальное бюджетное общеобразовательное учреждение \"Изминская средняя общеобразовательная школа Сабинского муниципального района Республики Татарстан\""]
[96,"451001_15802580260_35","Муниципальное бюджетное общеобразовательное учреждение \"Гимназия пгт Богатые Сабы  Сабинского муниципального района Республики Татарстан\"","158-025-802 60","Фасхутдинова","Марьям","Фариловна","ж","09.08.2007","нет",10,10,"81,21",null,"81,21",100,"участник",null,"Каримов Искандер Ильдусович","Муниципальное бюджетное общеобразовательное учреждение \"Гимназия пгт Богатые Сабы  Сабинского муниципального района Республики Татарстан\""]
[97,"454014_15471723265_35","муниципальное бюджетное общеобразовательное учреждение \"Кильдебякская средняя общеобразовательная школа Сабинского муниципального района Республики Татарстан\"","154-717-232 65","Шарифуллина","Руфина","Ралифовна","ж","30.01.2007","нет",10,10,"80,53",null,"80,53",100,"участник",null,"Губайдуллин Рифат Миннахматович","муниципальное бюджетное общеобразовательное учреждение \"Кильдебякская средняя общеобразовательная школа Сабинского муниципального района Республики Татарстан\""]
[98,"454019_15912119254_35","Муниципальное бюджетное общеобразовательное учреждение «Верхнесиметская средняя общеобразовательная школа Сабинского муниципального района Республики Татарстан\"","159-121-192 54","Гарифуллина ","Чулпан ","Рафисовна","ж","2007-03-10","нет",10,10,"80,06",null,"80,06",100,"участник",null,"Саубанов Айгиз Рафисович","Муниципальное бюджетное общеобразовательное учреждение «Верхнесиметская средняя общеобразовательная школа Сабинского муниципального района Республики Татарстан\""]
[99,"451001_15745456291_35","Муниципальное бюджетное общеобразовательное учреждение \"Гимназия пгт Богатые Сабы  Сабинского муниципального района Республики Татарстан\"","157-454-562 91","Башарова","Диляра","Ильнаровна","ж","06.12.2007","нет",9,9,"75,14",null,"75,14",100,"участник",null,"Гафиатуллин Ренат Рахматуллович","Муниципальное бюджетное общеобразовательное учреждение \"Гимназия пгт Богатые Сабы  Сабинского муниципального района Республики Татарстан\""]
[100,"451002_15569940819_35","Муниципальное бюджетное общеобразовательное учреждение «Средняя общеобразовательная школа-интернат с углубленным изучением отдельных предметов для одаренных детей»  Сабинского муниципального района Республики Татарстан","155-699-408 19","Шарифуллина ","Галия","Айдаровна","ж","18.03.2007","нет",10,10,"74,07",null,"74,07",100,"участник",null,"Шакиров Ильхам Расимович","Муниципальное бюджетное общеобразовательное учреждение «Средняя общеобразовательная школа-интернат с углубленным изучением отдельных предметов для одаренных детей»  Сабинского муниципального района Республики Татарстан"]
[101,"451002_15422833146_35","Муниципальное бюджетное общеобразовательное учреждение «Средняя общеобразовательная школа-интернат с углубленным изучением отдельных предметов для одаренных детей»  Сабинского муниципального района Республики Татарстан","154-228-331 46","Гаттарова","Язиля","Айдаровна","ж","03.12.2007","нет",9,9,"72,66",null,"72,66",100,"участник",null,"Шакиров Ильхам Расимович","Муниципальное бюджетное общеобразовательное учреждение «Средняя общеобразовательная школа-интернат с углубленным изучением отдельных предметов для одаренных детей»  Сабинского муниципального района Республики Татарстан"]
[102,"454021_15800716956_35","Муниципальное бюджетное общеобразовательное учреждение \"Большешинарская средняя общеобразовательная школа имени А.А.Ахунзянова Сабинского муниципального района Республики Татарстан\"","158-007-169 56","Мубаракова","Дина","Рамилевна","ж","17.12.2007","нет",9,9,"68,00",null,"68,00",100,"участник",null,"Садыков Фаяз Фанавилевич","Муниципальное бюджетное общеобразовательное учреждение \"Большешинарская средняя общеобразовательная школа имени А.А.Ахунзянова Сабинского муниципального района Республики Татарстан\""]
[103,"452012_16139397180_35","Муниципальное бюджетное общеобразовательное учреждение \"Лесхозская средняя общеобразовательная школа Сабинского муниципального района Республики Татарстан\"","161-393-971 80","Ракипова","Карина","Фларидовна","ж","02.01.2009","нет",9,9,"67,01",null,"67,01",100,"участник",null,"Шигабутдинов Ильназ Ильсурович","муниципальное бюджетное общеобразовательное учреждение \"Лесхозская средняя общеобразовательная школа Сабинского муниципального района Республики Татарстан\""]
[104,"454016_15716903378_35","Государственное бюджетное общеобразовательное учреждение «Икшурминская кадетская школа-интернат имени Байкиева К.С.»","157-169-033 78","Бикбаева","Алина","Рустемовна","ж","05.10.2008","нет",9,9,"66,65",null,"66,65",100,"участник",null,"Гарафиев Илдар Абрарович","государственное бюджетное общеобразовательное учреждение «Икшурминская кадетская школа-интернат имени Байкиева К.С.»"]
[105,"454009_15707336469_35","Муниципальное бюджетное общеобразовательное учреждение \"Сатышевская средняя общеобразовательная школа Сабинского муниципального района Республики Татарстан им. Ш.З.Зиннурова\"","157-073-364 69","Хасаншина","Алия","Джаудатовна","ж","29.06.2007","нет",10,10,"66,37",null,"66,37",100,"участник",null,"Билалов Артур Альбертович","муниципальное бюджетное общеобразовательное учреждение \"Сатышевская средняя общеобразовательная школа Сабинского муниципального района Республики Татарстан им. Ш.З.Зиннурова\""]
[106,"452003_15546837294_35","Муниципальное бюджетное общеобразовательное учреждение \"Шеморданский лицей \"Рост\" Сабинского муниципального района Республики Татарстан\"","155-468-372 94","Баширова","Наргиза","Артемовна","ж","21.11.2008","нет",9,9,"66,20",null,"66,20",100,"участник",null,"Газизов Дамир Ильнурович","Муниципальное бюджетное общеобразовательное учреждение \"Шеморданский лицей \"Рост\" Сабинского муниципального района Республики Татарстан\""]
[107,"454016_14994879855_35","Государственное бюджетное общеобразовательное учреждение «Икшурминская кадетская школа-интернат имени Байкиева К.С.»","149-948-798 55","Иванова","Инесса","Викторовна","ж","20.03.2008","нет",9,9,"66,18",null,"66,18",100,"участник",null,"Гарафиев Илдар Абрарович","государственное бюджетное общеобразовательное учреждение «Икшурминская кадетская школа-интернат имени Байкиева К.С.»"]
[108,"454006_15542594054_35","Муниципальное бюджетное общеобразовательное учреждение \"Юлбатская основная общеобразовательная школа Сабинского муниципального района Республики Татарстан\"","155-425-340 54","Каримова","Марьям","Илшатовна","ж","2008-06-14","нет",9,9,"64,23",null,"64,23",100,"участник",null,"Фатхриев Ильшат Ильнурович","Муниципальное бюджетное общеобразовательное учреждение \"Юлбатская основная общеобразовательная школа Сабинского муниципального района Республики Татарстан\""]
[109,"454021_14715814077_35","Муниципальное бюджетное общеобразовательное учреждение \"Большешинарская средняя общеобразовательная школа имени А.А.Ахунзянова Сабинского муниципального района Республики Татарстан\"","149-158-140 77","Галимова ","Гульяз","Фаннуровна","ж","18.01.2008","нет",9,9,"63,10",null,"63,10",100,"участник",null,"Садыков Фаяз Фанавилевич","Муниципальное бюджетное общеобразовательное учреждение \"Большешинарская средняя общеобразовательная школа имени А.А.Ахунзянова Сабинского муниципального района Республики Татарстан\""]
[110,"454023_15839298926_35","Муниципальное бюджетное общеобразовательное учреждение \"Сабабашская основная общеобразовательная школа Сабинского муниципального района Республики Татарстан\"","158-392-989 26","Хасбиева","Саида","Айдаровна","ж","2008-01-02","нет",9,9,"62,97",null,"62,97",100,"участник",null,"Хасбиев Данис Динарович","муниципальное бюджетное общеобразовательное учреждение \"Сабабашская основная общеобразовательная школа Сабинского муниципального района Республики Татарстан\""]
[111,"454021_15716113450_35","Муниципальное бюджетное общеобразовательное учреждение \"Большешинарская средняя общеобразовательная школа имени А.А.Ахунзянова Сабинского муниципального района Республики Татарстан\"","157-161-134 50","Хусаинова","Диляра","Хамзовна","ж","07.05.2007","нет",10,10,"61,89",null,"61,89",100,"участник",null,"Мухутдинов Фанзир Якубович","Муниципальное бюджетное общеобразовательное учреждение \"Большешинарская средняя общеобразовательная школа имени А.А.Ахунзянова Сабинского муниципального района Республики Татарстан\""]
[112,"454004_15808938408_35","Муниципальное бюджетное общеобразовательное учреждение «Евлаштауская средняя общеобразовательная школа Сабинского муниципального района Республики Татарстан\"","158-089-384 08","Искандерова","Сабина","Романовна","ж","09.01.2008","нет",10,10,"60,71",null,"60,71",100,"участник",null,"Ханнанов Рамиль Фанисович","Муниципальное бюджетное общеобразовательное учреждение «Евлаштауская средняя общеобразовательная школа Сабинского муниципального района Республики Татарстан\""]
[113,"454010_15716114250_35","муниципальное бюджетное общеобразовательное учреждение \"Мичанская основная общеобразовательная школа Сабинского муниципального района Республики Татарстан\"","157-161-142 50","Мубаракова","Азалия","Ильназовна","ж","2008-07-30","нет",9,9,"58,09",null,"58,09",100,"участник",null,"Ибрагимов Рамиль Зуфарович","муниципальное бюджетное общеобразовательное учреждение \"Мичанская основная общеобразовательная школа Сабинского муниципального района Республики Татарстан\""]
[114,"451001_15589353008_35","Муниципальное бюджетное общеобразовательное учреждение \"Гимназия пгт Богатые Сабы  Сабинского муниципального района Республики Татарстан\"","155-893-530 08","Хисамиева","Ильгина","Камилевна","ж","19.01.2007","нет",10,10,"50,59",null,"50,59",100,"участник",null,"Каримов Искандер Ильдусович","Муниципальное бюджетное общеобразовательное учреждение \"Гимназия пгт Богатые Сабы  Сабинского муниципального района Республики Татарстан\""]
[115,"451001_15546562281_35","Муниципальное бюджетное общеобразовательное учреждение \"Гимназия пгт Богатые Сабы  Сабинского муниципального района Республики Татарстан\"","155-465-622 81","Харисова","Раиля","Рамилевна","ж","29.04.2008","нет",9,9,"37,59",null,"37,59",100,"участник",null,"Гафиатуллин Ренат Рахматуллович","Муниципальное бюджетное общеобразовательное учреждение \"Гимназия пгт Богатые Сабы  Сабинского муниципального района Республики Татарстан\""]
[116,"452003_16072953671_35","Муниципальное бюджетное общеобразовательное учреждение \"Шеморданский лицей \"Рост\" Сабинского муниципального района Республики Татарстан\"","160-729-536 71","Аглямзянова","Камиля","Алмазовна","ж","11.08.2006","нет",11,11,"34,76",null,"34,76",100,"участник",null,"Газизов Дамир Ильнурович","Муниципальное бюджетное общеобразовательное учреждение \"Шеморданский лицей \"Рост\" Сабинского муниципального района Республики Татарстан\""]
[117,"452003_16072962672_35","Муниципальное бюджетное общеобразовательное учреждение \"Шеморданский лицей \"Рост\" Сабинского муниципального района Республики Татарстан\"","160-729-626 72","Шайхутдинова","Алина","Ильдаровна","ж","01.10.2006","нет",11,11,"18,66",null,"18,66",100,"участник",null,"Газизов Дамир Ильнурович","Муниципальное бюджетное общеобразовательное учреждение \"Шеморданский лицей \"Рост\" Сабинского муниципального района Республики Татарстан\""]

{"sheet":"data","index":1,"n_rows":25,"n_cols":10,"rows_kept":25}
[{"$nulls":6},"1 - Техника, технология и техническое творчество","2 - Культура дома, дизайн и технологии","3 - Робототехника","4 - Информационная безопасность"]
["1 - Техника, технологии и техническое творчество","1.1  Практика по ручной деревообработке",{"$nulls":4},"1.1 Практика по ручной деревообработке","2.1 Ручная обработка швейного изделия или узла","3.1 Робототехника","4.1 Не предусмотрена"]
["2 - Культура дома, дизайн и технологии","1.2 Практика по механической деревообработке",{"$nulls":4},"1.2 Практика по механической деревообработке","2.2 Механическая обработка швейного изделия или узла + Моделирование"]
["3 - Робототехника","1.3 Практика по ручной металлообработке",{"$nulls":4},"1.3 Практика по ручной металлообработке","2.3 Обработка швейного изделия или узла на швейно-вышивальном оборудовании + Моделирование"]
["4 - Информационная безопасность","1.4 Практика по механической металлообработке",{"$nulls":4},"1.4 Практика по механической металлообработке","2.4 3D-моделирование и печать"]
[null,"1.5 Электрорадиотехника",{"$nulls":4},"1.5 Электрорадиотехника","2.5 Практика по работе на лазерно-гравировальном станке"]
[null,"1.6 3D-моделирование и печать",{"$nulls":4},"1.6 3D-моделирование и печать","2.6 Промышленный дизайн"]
[null,"1.7 Практика по работе на лазерно-гравировальном станке",{"$nulls":4},"1.7 Практика по работе на лазерно-гравировальном станке"]
[null,"1.8 Промышленный дизайн",{"$nulls":4},"1.8 Промышленный дизайн"]
[null,"2.1 Ручная обработка швейного изделия или узла"]
[null,"2.2 Механическая обработка швейного изделия или узла + Моделирование"]
[null,"2.3 Обработка швейного изделия или узла на швейно-вышивальном оборудовании + Моделирование"]
[null,"2.4 3D-моделирование и печать"]
[null,"2.5 Практика по работе на лазерно-гравировальном станке"]
[null,"2.6 Промышленный дизайн"]
[null,"3.1 Робототехника"]
[null,"4.1 Не предусмотрена"]
[]
[]
[]
[]
[]
["участник"]
["призер",null,"да","да",null,"м"]
["победитель",null,null,"нет",null,"ж"]